Sistema de control interno Guzaltex S.A.S (Registro nro. 820522)

Detalles MARC
000 -CABECERA
campo de control de longitud fija 02334nam a2200289uu 4500
001 - NÚMERO DE CONTROL
campo de control 1540277
005 - FECHA Y HORA DE LA ÚLTIMA TRANSACCIÓN
campo de control 20260508094226.0
007 - CAMPO FIJO DE DESCRIPCIÓN FÍSICA--INFORMACIÓN GENERAL
campo de control de longitud fija co|||||||
008 - DATOS DE LONGITUD FIJA--INFORMACIÓN GENERAL
campo de control de longitud fija 200122s2019 spa
035 ## - NÚMERO DE CONTROL DEL SISTEMA
Número de control de sistema 1540277
040 ## - FUENTE DE LA CATALOGACIÓN
Centro/agencia transcriptor comduadb
041 ## - CÓDIGO DE LENGUA
Código de lengua del texto/banda sonora o título independiente spa
080 ## - NÚMERO DE LA CLASIFICACIÓN DECIMAL UNIVERSAL
Número de la Clasificación Decimal Universal B
100 10 - ENTRADA PRINCIPAL--NOMBRE DE PERSONA
Nombre de persona Rendón Sánchez, Andrés Mauricio
Código de función aut
Término indicativo de función/relación Autor/a
9 (RLIN) 797166
245 10 - TÍTULO PROPIAMENTE DICHO
Título propiamente dicho Sistema de control interno Guzaltex S.A.S
260 ## - PUBLICACIÓN, DISTRIBUCIÓN, ETC.
Lugar de publicación, distribución, etc. Medellín :
Nombre del editor, distribuidor, etc. Autor(a),
Fecha de publicación, distribución, etc. 2019.
300 ## - DESCRIPCIÓN FÍSICA
Extensión 1 CD-ROM
520 3# - SUMARIO, ETC.
Nota de Sumario, etc. RESUMEN: "En esta Monografía de consultoría, se presentarán las conclusiones del análisis de experiencias y procesos de diagnóstico de riesgos y actividades de control de GuzalTex S.A.S.<br/>En los ciento veintiocho riesgos encontrados en la compañía, se obtuvo que diecisiete de ellos son inaceptables para la organización y pueden poner en riesgo la continuidad del negocio, por lo cual la dirección de la compañía debe realizar un plan de trabajo que minimice los riesgos más altos encontrados durante la consultoría realizada.<br/>Durante el proceso de consultoría, se logró establecer que la dirección de la empresa Guzal Tex S.A.S. no percibe la importancia del Sistema de Control Interno y las implicaciones de los riesgos que se corren por las falencias en este aspecto, sin embargo, se logra generar conciencia alrededor del tema. Con el diagnóstico se establece la existencia de fallas en todos los componentes del Sistema de Control Interno, es decir, la gerencia manifiesta que existen mecanismos de control interno incipientes, pero no se percibe un sistema que trate el problema en todas las áreas involucrados en el negocio. Con la aplicación de la herramienta se logra dar un mejor entendimiento de los diferentes riesgos detectados en las áreas de la compañía, los controles necesarios para minimizar el riesgo y los riesgos con mayor probabilidad de ocurrencia, los cuales deben ser tratados de forma eficiente con el fin de no dejar brechas que permitan poner en riesgo el patrimonio y continuidad de la empresa".
502 ## - NOTA DE TESIS
Tipo de título Tesis (Especialista en Auditoría y Control de Gestión).
Nombre de la institución que otorga el título Universidad de Antioquia. Facultad de Ciencias Económicas,
526 ## - NOTA DE INFORMACIÓN SOBRE EL PROGRAMA DE ESTUDIO
Nombre del programa Universidad de Antioquia. Facultad de Ciencias Económicas. Especialización en Auditoría y Control de Gestión.
650 #7 - PUNTO DE ACCESO ADICIONAL DE MATERIA--TÉRMINO DE MATERIA
Término de materia o nombre geográfico como elemento de entrada Control interno
Fuente del encabezamiento o término embne
9 (RLIN) 21008
650 ## - PUNTO DE ACCESO ADICIONAL DE MATERIA--TÉRMINO DE MATERIA
Término de materia o nombre geográfico como elemento de entrada Sector textil
9 (RLIN) 57452
650 #0 - PUNTO DE ACCESO ADICIONAL DE MATERIA--TÉRMINO DE MATERIA
Término de materia o nombre geográfico como elemento de entrada Gestión de riesgos
9 (RLIN) 74676
650 ## - PUNTO DE ACCESO ADICIONAL DE MATERIA--TÉRMINO DE MATERIA
Término de materia o nombre geográfico como elemento de entrada Consultoría de empresas
9 (RLIN) 113759
700 10 - ENTRADA AGREGADA--NOMBRE PERSONAL
Nombre de persona Guevara Sanabria, Jaime Alberto
Código de función ths
Término indicativo de función/relación Asesor/a de tesis
9 (RLIN) 429855
942 ## - ELEMENTOS DE ENTRADA AGREGADA (KOHA)
Tipo de ítem Koha Tesis
Existencias
Estado de retiro Estado de pérdida Estado dañado No para préstamo Código de colección Localización permanente Ubicación/localización actual Fecha de adquisición Número de inventario Total de préstamos Signatura topográfica completa Código de barras Fecha visto por última vez Número de copia Precio válido a partir de Tipo de ítem Koha
        Colección Digital (Discos Ópticos, DVD) Centro Documentación Economía (Bloque 13 Of. 118) Centro Documentación Economía (Bloque 13 Of. 118) 27/01/2020 C1325767   B/01735 CD-ROM 61000004743584 04/05/2023 1 04/05/2023 Digital (CD-ROM, DVD, Blu-Ray, USB)